R language graphical support for the analysis of portfolio
Gespeichert in:
| 1. Verfasser: | |
|---|---|
| Format: | Buchkapitel |
| Sprache: | Slowakisch |
| Schlagworte: | |
| Tags: |
Keine Tags, Fügen Sie das erste Tag hinzu!
|
MARC
| LEADER | 00000nla a2200000 4500 | ||
|---|---|---|---|
| 001 | 0190592 | ||
| 005 | 20240502073215.8 | ||
| 041 | 0 | |a slo | |
| 044 | |a SK | ||
| 245 | 1 | 0 | |a R language graphical support for the analysis of portfolio |c Michal Páleš |
| 500 | |a Abstrakt | ||
| 610 | 2 | 0 | |a poisťovne |
| 610 | 2 | 0 | |a portfólio |
| 610 | 2 | 0 | |a analýzy |
| 610 | 2 | 0 | |a jazyky programovacie |
| 610 | 2 | 0 | |a grafy |
| 100 | 1 | |a Páleš, Michal, 1984- | |